000 00713nam a2200289Ia 4500
005 20260324134748.0
008 008 260324s9999 xx 000 0 eng d
020 _a9780203430972
037 _aEBOOK
040 _aCRL
040 _beng
040 _cCRL
041 _2eng
041 _aeng
084 _qCRL
100 _aPeter Sharp
_91198055
245 0 _aNurturing Emotional Literacy
245 2 _bA Practical for Teachers,Parents and those in the Caring Professions
260 _bTaylor and Francis
260 _c2001
365 _a
365 _b205
856 _uhttp://www.taylorfrancis.com/books/9780203430972
942 _cEBOOK
999 _c1798463
_d1798463